Η εύρεση του δειγματικού χώρου σε ένα πείραμα τύχης με τη βοήθεια των ΤΠΕ στο νηπιαγωγείο : διπλωματική εργασία [μεταπτυχιακή εργασία]

Αποθηκεύτηκε σε:
Λεπτομέρειες βιβλιογραφικής εγγραφής
Κύριος συγγραφέας: Βλαχούλη, Σπυριδούλα
Συγγραφή απο Οργανισμό/Αρχή: Πανεπιστήμιο Αιγαίου Σχολή Ανθρωπιστικών Επιστημών Τμήμα Επιστημών της Προσχολικής Αγωγής και του Εκπαιδευτικού Σχεδιασμού Πρόγραμμα Μεταπτυχιακών Σπουδών Διδακτική Θετικών Επιστημών και Τεχνολογίες της Πληροφορίας και της Επικοινωνίας στην Εκπαίδευση: Διεπιστημονική Προσέγγιση
Άλλοι συγγραφείς: Καφούση, Σουλτάνα (dgsf)
Μορφή: Thesis Βιβλίο
Γλώσσα:Greek
Δημοσίευση: 2017.
Θέματα:
Διαθέσιμο Online:http://hdl.handle.net/11610/23655
Ετικέτες: Προσθήκη ετικέτας
Δεν υπάρχουν, Καταχωρήστε ετικέτα πρώτοι!

MARC

LEADER 00000cam a2200000 a 4500
001 1/114488
008 170717s2017####gr | ||| |||| ||gre||
040 |a GR-MyUa  |b gre  |c GR-MyUa  |e AACR2 
041 0 |a gre 
082 7 |a 372.21   |2 (23) 
100 1 |a Βλαχούλη, Σπυριδούλα. 
245 1 2 |a Η εύρεση του δειγματικού χώρου σε ένα πείραμα τύχης με τη βοήθεια των ΤΠΕ στο νηπιαγωγείο :   |b διπλωματική εργασία [μεταπτυχιακή εργασία] /   |c Βλαχούλη Σπυριδούλα ; επιβλέπουσα καθηγήτρια: Καφούση Σόνια.  
260 |c 2017.  
300 |a 95 σ. :   |b πίν., εικ. ;   |c 30 εκ.  
500 |a Υπάρχει ψηφιακό αντίγραφο.  
500 |a Μέλη εξεταστικής επιτροπής: Φεσάκης Γεώργιος, Σταμάτης Παναγιώτης.  
502 |a Διατριβή (μεταπτυχιακή) – Πανεπιστήμιο Αιγαίου, Ρόδος, 2017. 
504 |a Βιβλιογραφία: σ. 66-69.  
506 1 |a Πλήρες κείμενο - Ενδοπανεπιστημιακή δημοσίευση - Κλειδωμένη η δυνατότητα αντιγραφής.  
650 0 |a Education, Preschool. 
650 0 |a Kindergarten. 
650 0 |a Mathematics  |x Study and teaching (Preschool) 
650 0 |a Educational technology. 
650 0 |a Education  |x Data processing. 
650 0 |a Computer-assisted instruction. 
650 0 |a Education  |x Curricula. 
700 1 |a Καφούση, Σουλτάνα,  |e dgsf 
710 2 |a Πανεπιστήμιο Αιγαίου   |b Σχολή Ανθρωπιστικών Επιστημών   |b Τμήμα Επιστημών της Προσχολικής Αγωγής και του Εκπαιδευτικού Σχεδιασμού   |b Πρόγραμμα Μεταπτυχιακών Σπουδών Διδακτική Θετικών Επιστημών και Τεχνολογίες της Πληροφορίας και της Επικοινωνίας στην Εκπαίδευση: Διεπιστημονική Προσέγγιση. 
852 |a INST  |b RHODES  |c DIATR  |e 20170717  |h 372.21 ΒΛΑ  |p 005400039402  |q 005400039402  |t MTXE  |y 23 
856 |u http://hdl.handle.net/11610/23655 
924 |a Βλαχούλη   |b Σπυριδούλα   |y Ρόδος  |z 2017-01  
970 |z 17-07-2017